|
|
|
|
| LEADER |
00000nam0a2200000 4500 |
| 001 |
360030 |
| 005 |
20231102011237.0 |
| 035 |
|
|
|a (RuTPU)RU\TPU\retro\17337
|
| 035 |
|
|
|a RU\TPU\retro\17298
|
| 090 |
|
|
|a 360030
|
| 100 |
|
|
|a 20210225d1895 k y0frey50 ba
|
| 101 |
0 |
|
|a fre
|
| 102 |
|
|
|a BE
|
| 105 |
|
|
|a a z 000zy
|
| 200 |
1 |
|
|a Sur le fluochlorure d'antimoine
|e [оттиск статьи]
|f F. Swarts
|
| 210 |
|
|
|a Bruxelles
|c Hayez, Imprimeur de L'Académie Royale des Sciences, des lettres et des beaux-arts de Belgique
|d 1895
|
| 215 |
|
|
|a P. 874-900 (27 p.)
|c il.
|
| 225 |
1 |
|
|a Bull. de l'Acad. roy. de Belgique
|i 3 ser.
|v T. 29, № 6
|
| 300 |
|
|
|a Параллельная пагинация страниц
|
| 300 |
|
|
|a В описании используется грамматика 19 века
|
| 316 |
|
|
|5 63413507: 25//137
|a На с. 874 (1) надпись: "В дар от Н. В. Асташева 25/X 904 г."
|
| 316 |
|
|
|5 63413507: 25//137
|a Экземпляр не разрезан
|
| 317 |
|
|
|5 63413507: 25//137
|a Поступил в НТБ в 1904 г. в дар от наследников Н. В. Асташева
|
| 320 |
|
|
|a Библиогр. в примеч.
|
| 541 |
1 |
|
|a О фторхлориде сурьмы
|z fre
|
| 606 |
1 |
|
|a Сурьма
|x Химия
|2 stltpush
|3 (RuTPU)RU\TPU\subj\58324
|9 76120
|
| 610 |
1 |
|
|a Коллекция Н. В. Асташева
|
| 610 |
1 |
|
|a дары
|
| 610 |
1 |
|
|a дары библиотеке
|
| 610 |
1 |
|
|a французский язык
|
| 610 |
1 |
|
|a фториды
|
| 610 |
1 |
|
|a хлориды
|
| 610 |
1 |
|
|a сурьма
|
| 610 |
1 |
|
|a сурьмянистые соединения
|
| 610 |
1 |
|
|a неорганические соединения
|
| 610 |
1 |
|
|a химические соединения
|
| 610 |
1 |
|
|a оттиски
|
| 675 |
|
|
|a 546.86
|v 3
|
| 700 |
|
1 |
|a Swarts
|b F.
|g Frédéric
|
| 801 |
|
1 |
|a RU
|b 63413507
|c 20210216
|
| 801 |
|
2 |
|a RU
|b 63413507
|c 20220617
|g RCR
|
| 942 |
|
|
|c BK
|